ВМРО (Запис номер 11305)
[ съкратено ]
| 000 -Лидер | |
|---|---|
| Контролно поле с фиксирана дължина | 01889nam a2200397 c 4500 |
| 003 - Код на организацията, давaща контролен номер | |
| Контролно поле | BLK |
| 005 - Дата и час на последна редакция | |
| Контролно поле | 20180420214631.0 |
| 008 - Елементи от данни с фиксирана дължина | |
| fixed length control field | 180412b bul|||||r ||||||| ||bul|| |
| 010 ## - Наследен системен номер | |
| LC control number | KNG00012839000 |
| 020 ## - Международен стандартен номер на книга ISBN | |
| Международен стандартен номер на книга ISBN | 954-8823-06-3 |
| -- | издат.: Македония прес |
| 040 ## - Източник на каталожния запис | |
| Идентификатор на билиотеката - собственик на записа | BLK |
| 041 ## - Код за език | |
| Код за езика на текст/звукозапис или на отделно заглавие | Български |
| Код за езика КДБФ | Български |
| 080 ## - УДК | |
| Текстов определител УДК | Трета българска държава (от 1878) |
| УДК код - определител по УДК | 94(497.2)"1878..." |
| УДК определител | |
| УДК - код + определител | 94(497.2)"1878..." |
| 100 1# - Редна дума - Автор | |
| Автор | Каракачанов, Красимир |
| Авторска отговорност | първи автор |
| R(LIN) | 244835 |
| 139 ## - Редно поле | |
| Редна дума | Каракачанов, Красимир и др. |
| Авторски знак | Kem - K 32 |
| 245 10 - Сведения за заглавието | |
| Заглавие | ВМРО |
| Подзаглавни данни | 100 г. борба за Македония |
| Редно поле (дума) | Красимир Каракачанов; съавт. Иван Николов. |
| 250 ## - Област на изданието | |
| Сведения за изданието | 2. доп. и прераб. изд |
| 257 ## - Страна на издаване | |
| Страна на създаване/издаване | България |
| 260 ## - Област на издателските данни | |
| -- | София |
| Име на издателя, разпространителя и проч. | Македония прес |
| Година на издаване | 1996 |
| 300 ## - Физическа характеристика | |
| Страници | 224 с. |
| Илюстрации и др. | с портр., ил., факс. |
| Размери/Мащаб | 20 см |
| 380 ## - Жанр | |
| Жанр | История |
| 500 ## - Общи забележки | |
| Забележка | Деп. списък: 21 1. изд. 1994 изд. на ВМРО-СМД ; Библиогр. с. 218-222 Съдържа и Историята на ВМРО като оръжие от познания / Ив. Николов Геогр. руб.: България |
| 504 ## - Забележка за наличие на библиография и др | |
| Забележка за наличие на библиография и под. | 218-222 |
| 650 #4 - Допълнително описание по предмет – тема | |
| Основно описание – тема или топоним | Вътрешна македонска революционна организация |
| 9 (RLIN) | 244834 |
| 650 #4 - Допълнително описание по предмет – тема | |
| Основно описание – тема или топоним | Националноосвободително движение - България |
| 9 (RLIN) | 242410 |
| 650 #4 - Допълнително описание по предмет – тема | |
| Основно описание – тема или топоним | Македонски въпрос |
| 9 (RLIN) | 242249 |
| 651 #4 - Допълнително описание по предмет - топоним | |
| Географско понятие | България |
| 9 (RLIN) | 241624 |
| 653 ## - Ключова дума – ненормативна | |
| Ключова дума | ВМРО |
| 653 ## - Ключова дума – ненормативна | |
| Ключова дума | македонски въпрос |
| 700 1# - Други автори (авторска отговорност) | |
| Лично име | Николов, Иван |
| Автороска отговорност (Описва отношението между автора и произведението) | съавт. |
| Друга информация | Иванов, Иван Николов |
| 9 (RLIN) | 253214 |
| 852 ## - Местоположение | |
| Форматна сигнатура | Цб 189253 |
| 856 4# - Електронен адрес и достъп | |
| Електронен формат | pdf - файл |
| Път до файла /url/ | |
| 856 4# - Електронен адрес и достъп | |
| Електронен формат | pdf - файл |
| Път до файла /url/ | |
| 942 ## - АРТИКУЛИ | |
| Вид на библиотечния материал | Книги |
| Скрит в OPAC | Не |
| 944 ## - СЪЗДАВАНЕ И РЕДАКЦИЯ на ЗАПИСА | |
| Създаване/Редакция | Създаване |
| Дата на регистрацията/редакция | 15.01.2003 |
| Служител, извършил регистрацията/редакцията | АДМИНИСТРАТОР_НА_АБ |
| 944 ## - СЪЗДАВАНЕ И РЕДАКЦИЯ на ЗАПИСА | |
| Създаване/Редакция | Редакция |
| Дата на регистрацията/редакция | 20.12.2016 |
| Служител, извършил регистрацията/редакцията | Сечил_Томаш |
| 999 ## - СИСТЕМНИ КОНТРОЛНИ НОМЕРА | |
| Koha biblionumber | 11305 |
| Koha biblioitemnumber | 11305 |
| Код за отписване | Код за изгубен артикул | Източник на класификационната схема | Код за повреда | Коз за рестрикции | Код за отдаване | Артикулен № | Име на библиотеката - собственик | Име на библиотеката, в която се намира в момента | Статус (Текущо местоположение) | Дата на вписване в системата | Местоположение - отдел | Цена в лева | Инвентарен номер | Систематично азбучна сигнатура | Баркод | Номер на екземпляра | Цена в евро | Служебен тип на артикула |
|---|---|---|---|---|---|---|---|---|---|---|---|---|---|---|---|---|---|---|
| Не е изгубен | Universal Decimal Classification | Не е повреден | без рестрикции | ползва се в читалня | 19607 | Регионална библиотека "Любен Каравелов" Русе | Регионална библиотека "Любен Каравелов" Русе | Хранилище | 2001-01-01 | Хранилище | 0.47 | 623981 | Цб 189253 | 120000623981 | 1 | 0.24 | Книги |